Modern science and the Genesis record / (Record no. 7077)

MARC details
000 -LEADER
fixed length control field 00821cam a2200277 a 4500
001 - CONTROL NUMBER
control field 118751
003 - CONTROL NUMBER IDENTIFIER
control field GBCCL
005 - DATE AND TIME OF LATEST TRANSACTION
control field 20241126110618.0
008 - FIXED-LENGTH DATA ELEMENTS--GENERAL INFORMATION
fixed length control field 021125s1937 miu 000 0 eng d
035 ## - SYSTEM CONTROL NUMBER
System control number (OCoLC)ocm51062795
040 ## - CATALOGING SOURCE
Original cataloging agency COO
Transcribing agency COO
Modifying agency OCLCQ
-- LBB
049 ## -
-- LBBK
050 #4 -
-- BS651
-- .R55
082 ## - DEWEY DECIMAL CLASSIFICATION NUMBER
Classification number 215
Item number RIM
090 ## - LOCALLY ASSIGNED LC-TYPE CALL NUMBER (OCLC); LOCAL CALL NUMBER (RLIN)
Classification number (OCLC) (R) ; Classification number, CALL (RLIN) (NR) BS651
Local cutter number (OCLC) ; Book number/undivided call number, CALL (RLIN) .R55 1937
100 1# - MAIN ENTRY--PERSONAL NAME
Personal name Rimmer, Harry,
Dates associated with a name 1890-1952.
9 (RLIN) 9105
245 10 - TITLE STATEMENT
Title Modern science and the Genesis record /
Statement of responsibility, etc. by Harry Rimmer.
250 ## - EDITION STATEMENT
Edition statement 13th ed.
260 ## - PUBLICATION, DISTRIBUTION, ETC.
Place of publication, distribution, etc. Grand Rapids, Mich. :
Name of publisher, distributor, etc. Wm. B. Eerdmans Pub. Co.,
Date of publication, distribution, etc. c 1937.
300 ## - PHYSICAL DESCRIPTION
Extent 292 p. ;
Dimensions 21 cm.
440 #0 - SERIES STATEMENT/ADDED ENTRY--TITLE
Title John Laurence Frost memorial library ;
Volume/sequential designation v.2
9 (RLIN) 12524
650 #0 - SUBJECT ADDED ENTRY--TOPICAL TERM
Topical term or geographic name entry element Creation.
9 (RLIN) 1249
650 #0 - SUBJECT ADDED ENTRY--TOPICAL TERM
Topical term or geographic name entry element Bible and science.
9 (RLIN) 1890
650 #0 - SUBJECT ADDED ENTRY--TOPICAL TERM
Topical term or geographic name entry element Religion and science
Chronological subdivision 1900-
9 (RLIN) 12525
942 ## - ADDED ENTRY ELEMENTS (KOHA)
Source of classification or shelving scheme Dewey Decimal Classification
Koha item type Books
Holdings
Withdrawn status Lost status Source of classification or shelving scheme Damaged status Not for loan Home library Current Library Shelving location Date acquired Total checkouts Full call number Barcode Date last seen Copy number Price effective from Koha item type
    Dewey Decimal Classification     GRACE BIBLE COLLEGE GRACE BIBLE COLLEGE Philosophy and Religion 2018-07-09   215 RIM 002079 2025-05-01 c.1 2018-07-09 Books
© Grace Bible College Library 2025